| 000 | 00519nam a22001937a 4500 | ||
|---|---|---|---|
| 003 | NUST - PNEC | ||
| 005 | 20170116180947.0 | ||
| 008 | 150907b xxu||||| |||| 00| 0 eng d | ||
| 020 | _a9780070530447 | ||
| 020 | _a0070530440 | ||
| 040 | _cLIBRARY | ||
| 082 | _a621.3815 FRA | ||
| 100 |
_98994 _aFranco, Sergio |
||
| 245 |
_aDesign with operational amplifiers & analog integrated circuits _cSergio Franco |
||
| 250 | _a3rd ed. | ||
| 260 | _cc.2002 | ||
| 650 |
_98996 _aIntegrated Circuits _xEE |
||
| 942 |
_2ddc _cBK |
||
| 999 |
_c66316 _d66316 |
||